Регионална библиотека "Любен Каравелов" - Русе

Полонезы (Запис номер 524704)

MARC детайли
000 -Лидер
Лидер 01624njm a2200289 a 4500
003 - Код на организацията, давaща контролен номер
Код на организацията, даваща контролен номер BLK
005 - Дата и час на последна редакция
Дата и час на последна редакция 20250108142526.0
007 - Фиксирано поле за физическо описани
Физическо описание sd bmmalaaahaa
008 - Елементи от данни с фиксирана дължина
Елементи с фиксирана дължина 221104b bu |||||s|||| 00| | bu d
028 ## - PUBLISHER NUMBER
Издателски номер С04553—56
040 ## - Източник на каталожния запис
Код на библиотеката BLK
041 ## - Код за език
Език на записа Руски
Език за КДБФ Руски
080 ## - УДК
УДК текст Полонези
УДК код 78.085.24
УДК – определител (086.72)
УДК – код + определител 78.085.24
100 1# - Редна дума - Автор
R(LIN) 143911
Автор Шопен, Фредерик
Години, свързани с автора 1810 - 1849
Пълна форма на името Шопен, Фредерик Франсоа
245 ## - Сведения за заглавието
Заглавие Полонезы
Авторска отговорност Фредерик Шопен; Михаил Воскресенский, пиано
246 ## - Различни форми на заглавието
Различни форми на заглавието Polonaises
260 ## - Област на издателските данни
Място на издаване Москва
Име на издателя Мелодия
Година на издаване 1983
9 (RLIN) 210743
300 ## - Физическа характеристика
Брой страници 2 грамофонни плочи, двустранни
Илюстрации 33 об/мин, стерео
Размер 30 см
380 ## - Жанр
Жанр Изкуство
500 ## - Общи забележки
Обща забележка Първа плоча<br/>Polonaises = Полонезы <br/>A1 No.1 In C Sharp Minor, Op. 26 No.1<br/>A2 No.2 In E Flat Minor, Op.26 No.2<br/>A3 No.3 In A Major, Op.40 No.1 "Military"<br/>A4 No.4 In C Minor, Op.40 No.2<br/>B1 No.5 In F Sharp Minor, Op.44<br/>B2 No.6 In A Flat Major, Op.53 "Heroic"<br/>B3 No.11 In G Minor<br/>B4 No.13 In A Flat Major<br/>
500 ## - Общи забележки
Обща забележка Втора плоча<br/>C1 No.7 In A Flat Major, Op.61 "Polonaise-Fantaisie"<br/>C2 No.8 In D Minor, Op.71 No.1<br/>C3 No.9 In B Flat Major, Op.71 No.2<br/>C4 No.10 In F Minor, Op.71 No.3<br/>D1 No.12 In B Flat Major<br/>D2 No.14 In G Sharp Minor<br/>D3 No.15 In B Flat Minor<br/>D4 No.16 In G Flat Major<br/>
653 ## - Ключова дума – ненормативна
9 (RLIN) 194121
Ключови думи полонези
852 ## - Местоположение
Сигнатура (форматна) Ф ІІ 7667
Отдел Хранилище
856 ## - Електронен адрес и достъп
Инструкция (цена за достъп) 0.00
Права за достъп disable
942 ## - АРТИКУЛИ
Вид на библиотечния документ Грамофонни плочи
Скрит в OPAC Не
944 ## - СЪЗДАВАНЕ И РЕДАКЦИЯ на ЗАПИСА
Дата на регистрацията/редакция Вася Ганчева
Служител, извършил регистрацията/редакцията 30549
Статус, дата на статуса Вася Ганчева
Създаване/Редакция
999 ## - СИСТЕМНИ КОНТРОЛНИ НОМЕРА
Koha biblionumber 524704
Koha biblioitemnumber 524704
Наличности
Код за отписване Код за изгубен артикул Източник на класификационната схема Код за повреда Код за отдаване Артикулен № Име на библиотеката - собственик Име на библиотеката, в която се намира в момента Статус (Текущо местоположение) Дата на вписване в системата Местоположение - отдел Цена в лева Номерация (Хронология) Инвентарен номер Систематично азбучна сигнатура Баркод Цена в евро Служебен тип на артикула
  Не е изгубен Universal Decimal Classification Не е повреден ползва се в читалня 957729 Регионална библиотека "Любен Каравелов" Русе Регионална библиотека "Любен Каравелов" Русе Хранилище 2025-01-08 Основен фонд - ползва се само за читалня 4.00 Първа плоча 18468 Ф ІІ 7667 900000111998 2.05 Грамофонни плочи
  Не е изгубен Universal Decimal Classification Не е повреден ползва се в читалня 957732 Регионална библиотека "Любен Каравелов" Русе Регионална библиотека "Любен Каравелов" Русе Хранилище 2025-01-08 Основен фонд - ползва се само за читалня 4.00 Втора плоча 18469 Ф ІІ 7667 900000111999 2.05 Грамофонни плочи
Vip Innovations Ltd, Rousse, Bulgaria 2025